Smart Study Series Pharmacology / (Record no. 35643)
[ view plain ]
| 000 -LEADER | |
|---|---|
| fixed length control field | 00514nam a22001817a 4500 |
| 005 - DATE AND TIME OF LATEST TRANSACTION | |
| control field | 20240430151816.0 |
| 008 - FIXED-LENGTH DATA ELEMENTS--GENERAL INFORMATION | |
| fixed length control field | 240430b |||||||| |||| 00| 0 eng d |
| 020 ## - INTERNATIONAL STANDARD BOOK NUMBER | |
| ISBN | 9788131231104 |
| 082 ## - DEWEY DECIMAL CLASSIFICATION NUMBER | |
| Classification number | 612 |
| Item number | KRI-S |
| 100 ## - MAIN ENTRY--AUTHOR | |
| Author Name | Krishnamurthy Bhaskar |
| 245 ## - TITLE STATEMENT | |
| Title | Smart Study Series Pharmacology / |
| Statement of responsibility, etc. | Krishnamurthy Bhaskar, Kamal KV |
| 250 ## - EDITION STATEMENT | |
| Edition statement | 2nd ed. |
| 260 ## - PUBLICATION, DISTRIBUTION, ETC. | |
| Place of Publication | India : |
| Name of publisher, distributor, etc. | Elsevier : |
| Date of publication, distribution, etc. | 2013. |
| 300 ## - PHYSICAL DESCRIPTION | |
| Pages | xviii,458p. |
| 500 ## - GENERAL NOTE | |
| General note | Include index . |
| 650 ## - SUBJECT ADDED ENTRY--TOPICAL TERM | |
| Subject / Department | Medical / Pharmacology |
| 300 ## - PHYSICAL DESCRIPTION | |
| -- | ill ; |
| -- | 27cm. |
| 952 ## - LOCATION AND ITEM INFORMATION (KOHA) | |
| -- | 0 |
| -- | 0 |
| 952 ## - LOCATION AND ITEM INFORMATION (KOHA) | |
| -- | 0 |
| -- | 0 |
| 952 ## - LOCATION AND ITEM INFORMATION (KOHA) | |
| -- | 0 |
| -- | 0 |
| Lost status | Damaged status | Collection code | Permanent Location | Current Location | Shelving Location | Date acquired | Full Call Number | Accession No./Barcode | Date last seen | Copy number | item type | Koha item type |
|---|---|---|---|---|---|---|---|---|---|---|---|---|
| Medical | Superior Information Resource Center (SIRC) Superior University- Main Campus | Superior Information Resource Center (SIRC) Superior University- Main Campus | Pharmacology | 04/30/2024 | 612 KRI-S 2013 | 9914 | 04/15/2025 | 1 | BOOK | BOOK | ||
| Medical | Superior Information Resource Center (SIRC) Superior University- Main Campus | Superior Information Resource Center (SIRC) Superior University- Main Campus | Pharmacology | 04/30/2024 | 612 KRI-S 2013 | 9915 | 04/30/2024 | 2 | BOOK | BOOK | ||
| Medical | Superior Information Resource Center (SIRC) Superior University- Main Campus | Superior Information Resource Center (SIRC) Superior University- Main Campus | Pharmacology | 04/30/2024 | 612 KRI-S 2013 | 9916 | 01/14/2025 | 3 | BOOK | BOOK |
